书目信息 |
| 题名: |
3ds Max建筑与室内效果图设计从入门到精通
|
|
| 作者: | 张玲 编著 | |
| 分册: | ||
| 出版信息: | 北京 中国青年出版社 2015 |
|
| 页数: | 584页 | |
| 开本: | 26cm | |
| 丛书名: | ||
| 单 册: | ||
| 中图分类: | TU201.4 , TU238-39 | |
| 科图分类: | ||
| 主题词: | 建筑设计--三维动画软件 , 室内装饰设计--三维动画软件 | |
| 电子资源: | ||
| ISBN: | 978-7-5153-3110-2 | |
| 000 | 01116nam0 2200289 450 | |
| 001 | 169 | |
| 005 | 20160906085823.31 | |
| 010 | @a978-7-5153-3110-2@dCNY69.90 | |
| 100 | @a20150602d2015 em y0chiy50 ea | |
| 101 | 0 | @achi |
| 102 | @aCN@b110000 | |
| 105 | @ay z 000yy | |
| 200 | 1 | @a3ds Max建筑与室内效果图设计从入门到精通@93ds Max jian zhu yu shi nei xiao guo tu she ji cong ru men dao jing tong@e中文版@f张玲[等]编著 |
| 205 | @a2版 | |
| 210 | @a北京@c中国青年出版社@d2015 | |
| 215 | @a584页@d26cm@e1光盘 | |
| 300 | @a附光盘,中国青年出版社精品计算机图书系列 | |
| 304 | @a编著者还有:甘露、徐丽静、唐龙 | |
| 307 | @a附光盘:ISBN 978-7-89467-415-9 | |
| 330 | @a本书01-15章主要介绍了3ds Max 2013的工作界面与基本操作、VRay渲染器的应用,以及常见一些典型小模型的绘制。16-19章主要介绍了室内模型的制作与渲染。20-24章主要介绍了室外效果图的制作与游戏场景设计。 | |
| 606 | 0 | @a建筑设计@x三维动画软件 |
| 606 | 0 | @a室内装饰设计@x三维动画软件 |
| 690 | @aTU201.4@v5 | |
| 690 | @aTU238-39@v5 | |
| 701 | 0 | @a张玲@9zhang ling@4编著 |
| 801 | 0 | @aCN@b唐山师范学院图书馆@c20160721 |
| 905 | @aZUCC@dTU201.4@e721=2 | |
| 3ds Max建筑与室内效果图设计从入门到精通:中文版/张玲[等]编著.-2版.-北京:中国青年出版社,2015 |
| 584页;26cm+1光盘 |
| 附光盘,中国青年出版社精品计算机图书系列 |
| ISBN 978-7-5153-3110-2:CNY69.90 |
| 本书01-15章主要介绍了3ds Max 2013的工作界面与基本操作、VRay渲染器的应用,以及常见一些典型小模型的绘制。16-19章主要介绍了室内模型的制作与渲染。20-24章主要介绍了室外效果图的制作与游戏场景设计。 |
| ● |
| 相关链接 |
|
|
|
|
正题名:3ds Max建筑与室内效果图设计从入门到精通
索取号:TU201.4/721=2
 
预约/预借
| 序号 | 登录号 | 条形码 | 馆藏地/架位号 | 状态 | 备注 |
| 1 | 900652 | 209006528 | 第二样本阅览室/ [索取号:TU201.4/721=2] | 在馆 | |
| 2 | 900653 | 209006537 | 第三借阅区/ [索取号:TU201.4/721=2] | 在馆 | |
| 3 | 900654 | 209006546 | 第三借阅区/ [索取号:TU201.4/721=2] | 在馆 | |
| 4 | 900655 | 209006555 | 第三借阅区/ [索取号:TU201.4/721=2] | 在馆 | |
| 5 | 900656 | 209006564 | 第三借阅区/ [索取号:TU201.4/721=2] | 在馆 |